| 000 | 02046nim a22004332a 4500 | ||
|---|---|---|---|
| 005 | 20230116122148.0 | ||
| 007 | sd fungnnuuneu | ||
| 008 | 221012s2022 nnnn ## n eng d | ||
| 020 |
_a9781797144870 (audiobook) _c34.99 |
||
| 040 |
_aDLC _beng _erda _cDLC |
||
| 082 | 0 | 4 | _a[FIC] |
| 092 | _aCDB FLYNN | ||
| 100 | 1 |
_aMills, Kyle, _d1966- _eauthor. _945688 |
|
| 245 | 1 | 0 |
_aOath of loyalty _h[sound recording] : _ba Mitch Rapp Novel by Kyle Mills / _cVince Flynn by Kyle Mills. |
| 246 | 3 | _aVince Flynn Oath of loyalty | |
| 250 | _aUnabridged. | ||
| 264 | 2 |
_aOld Saybrook, Connecticut : _bwww.micromarketing.org |
|
| 264 | 1 |
_a[New York, New York?] : _b[Simon & Schuster Audio], _c[2022]. |
|
| 300 |
_a8 sound discs (approximately N/A hours) : _bdigital, CD audio ; _c4 3/4 in. |
||
| 336 | _aspoken word | ||
| 337 | _aaudio | ||
| 338 | _aaudio disc | ||
| 490 | 1 | _aA Mitch Rapp novel | |
| 500 | _a[Typographic symbols and accents removed for systems compatibility.] | ||
| 511 | 1 | _aRead by George Guidall. | |
| 520 | _a"Mitch Rapp confronts a very different kind of killer in the explosive new thriller in Vince Flynn's #1 New York Times bestselling series, written by Kyle Mills. With President Anthony Cook convinced that Mitch Rapp poses a mortal threat to him, CIA Director Irene Kennedy is forced to construct a truce between the two men..."-- | ||
| 600 | 1 | 0 |
_aRapp, Mitch _c(Fictitious character) _96416334 |
| 610 | 1 | 0 |
_aUnited States. _bCentral Intelligence Agency _vFiction. _95674537 |
| 650 | 0 |
_aIntelligence officers _zUnited States _vFiction. _95684934 |
|
| 655 | 7 |
_aAudiobooks. _2lcgft |
|
| 655 | 7 |
_aDetective and mystery fiction. _2lcgft _95683641 |
|
| 655 | 7 |
_aThrillers (Fiction) _2lcgft _95697221 |
|
| 655 | 7 |
_aPolitical fiction. _2lcgft _95674723 |
|
| 700 | 1 |
_aFlynn, Vince, _eauthor. _946958 |
|
| 700 | 1 |
_aGuidall, George _937324 |
|
| 700 | 1 |
_aFlynn, Vince, _d1966-2013, _ecreator. _95693672 |
|
| 942 |
_2ddc _cAUDIOBOOK |
||
| 949 | _nwww.MicroMarketing.org 800-229-9887 | ||
| 999 |
_c377065 _d377065 |
||